Normal view
MARC view
Entry Nombre corporativo
Number of records used in: 135
001 - NÚMERO DE CONTROL
- campo de control: 240083
003 - IDENTIFICADOR DE NÚMERO DE CONTROL
- campo de control: ES-MaACL
005 - FECHA Y HORA DE LA ÚLTIMA TRANSACCIÓN
- campo de control: 20250507174333.0
008 - ELEMENTOS DE DATO DE LONGITUD-FIJA
- campo de control de longitud fija: 250425|| aca||aabn | a|a d
040 ## - FUENTE DE CATALOGACIÓN
- Centro catalogador/agencia de origen: ES-MaACL
110 2# - ENCABEZAMIENTO-NOMBRE DE ENTIDAD CORPORATIVA
- Nombre de entidad corporativa o nombre de jurisdicción como elemento de entrada: Ateneo de Madrid-
- Subdivisión general: Actos culturales-
- Subdivisión cronológica: 1990-
- Subdivisión de forma: Grabaciones sonoras
